Higher Education in Norway Labour Market Relevance and Outcomes

Salvato in:
Dettagli Bibliografici
Natura: Libro
Lingua:inglese
Pubblicazione: Paris OECD 2018
Serie:Higher Education
Soggetti:
Tags: Aggiungi Tag
Nessun Tag, puoi essere il primo ad aggiungerne!!

MARC

LEADER 00000nam a2200000 4500
001 0252964
005 20221220065600.0
020 |a 978-92-64-30174-0 
041 0 |a eng 
044 |a FR 
245 1 0 |a Higher Education in Norway  |b Labour Market Relevance and Outcomes 
264 1 |a Paris  |b OECD  |c 2018 
300 |a 173 s. 
490 1 |a Higher Education 
830 0 |a Higher Education 
610 2 0 |a školstvo 
610 2 0 |a vzdelávanie vysokoškolské 
610 2 0 |a ekonomika práce 
610 2 0 |a trh práce 
610 2 0 |a politika vzdelávania 
610 2 0 |a zručnosti 
610 2 0 |a porovnanie štatistické medzinárodné 
610 2 0 |a Nórsko